Normal view MARC view

Entry Topical Term

Number of records used in: 1

001 - CONTROL NUMBER

  • control field: 25683

003 - CONTROL NUMBER IDENTIFIER

  • control field: OSt

005 - DATE AND TIME OF LATEST TRANSACTION

  • control field: 20210724163306.0

008 - FIXED-LENGTH DATA ELEMENTS

  • fixed length control field: 210724|| aca||aabn | a|a d

040 ## - CATALOGING SOURCE

  • Original cataloging agency: OSt
  • Transcribing agency: OSt

150 ## - HEADING--TOPICAL TERM

  • Topical term or geographic name entry element: Executive federalism, Intergovernmental relations, Disaster response, Australia

670 ## - SOURCE DATA FOUND

  • Source citation: Work cat.: (OSt): Downey, Davia Cox Myers, William M. 25682, Federalism, Intergovernmental relationships, and emergency response: A comparison of Australia and the United States

Powered by Koha